000
00286nam a22001217a 4500
008
181106b xxu||||| |||| 00| 0 eng d
041
_a
eng
080
_a
510
100
_a
39
101
_a
MAT
245
_a
Spc Simpledfied Practical Sreps To Quality
_c
Amsden,RT
942
_2
udc
_c
BK
999
_c
52040
_d
52040